| 000 | 00682nam a2200205Ia 4500 | ||
|---|---|---|---|
| 008 | 130821s1985 sp gr spa | ||
| 020 | _a8472228449 | ||
| 040 |
_aCo-BoUCM _bspa |
||
| 041 | _aspa | ||
| 100 | 1 |
_aBuchheim, Hans _9155758 |
|
| 245 | 1 | 0 |
_aPolítica y poder _cHans Buchheim. |
| 260 |
_aBarcelona (España) _bAlfa _c1985 |
||
| 300 | _a220 páginas | ||
| 490 |
_aEstudios alemanes _ccolección dirigida por Ernesto Garzon Valdes y Rafael Gutierrez Girardot |
||
| 650 | 0 | 4 |
_aCiencia política _9340 |
| 650 | 0 | 4 |
_aÉtica política _915256 |
| 650 | 0 | 4 |
_aPoder (Ciencias sociales) _9342 |
| 942 |
_cLIBRO _a6 _e1 _mB919p _2DEWEY _h320.1 |
||
| 999 |
_c12142 _d12142 |
||